000 00829nam a2200265 a 4500
001 41690
003 BD-RjUL
005 20211209053432.0
008 160516s1968 enk b 001 0 eng
035 _a(BD-RjUL) 41808
035 _a971270
040 _aLC
_beng
_cLC
_dANB
_dANL
_dBD-RjUL
041 _aeng
082 0 4 _a323.11924041
_223
_bMAA 1968
100 1 _aMandle, W. F.
_q(William Frederick),
_d1934-2014.
_9128055
245 1 0 _aAnti-Semitism and the British Union of Fascists /
_cW. F. Mandle.
260 _aLondon :
_bLongmans,
_c1968.
300 _avii, 78 p. ;
_c22 cm.
490 0 _aMonographs in politics
504 _aBibliography: p. [73]-75.
610 2 0 _aBritish Union of Fascists.
_9128056
650 0 _aAntisemitism
_zGreat Britain.
_9128057
830 _aMonographs in politics
_9128058
942 _2ddc
_cBK
999 _c41690
_d41690